Sanat - "Tääl yksinäni laulelen" - Suomalainen kansanlaulu - Statistics

Yleistilastot
  • Tätä visaa on pelattu 8 kertaa
  • Keskiarvotulos 49 / 63
Vastaustilastot
Vastaus % Oikein
ilta
100%
ja
100%
ja
100%
jo
100%
jo
100%
kun
100%
laulelen
100%
lepohon
100%
lepohon
100%
on
100%
on
100%
on
100%
pääsen
100%
pääsen
100%
päivän
100%
päivän
100%
Tääl
100%
tullut
100%
työ
100%
työ
100%
yksinäni
100%
ei
83%
ei
83%
Ei
83%
ei
83%
mulla
83%
mulla
83%
ole
83%
ole
83%
päättynyt
83%
päättynyt
83%
yhtään
83%
yhtään
83%
ystävää
83%
ystävää
83%
hartaat
67%
huokaukseni
67%
huokaukseni
67%
lintunen
67%
luo
67%
luo
67%
luojan
67%
luojan
67%
Ma
67%
mi
67%
niin
67%
taivaihin
67%
taivaihin
67%
turvaa
67%
turvaa
67%
vie
67%
vie
67%
kuin
50%
Lennä
50%
lennä
50%
lennä
50%
lintuseni
50%
oksalla
50%
olen
50%
pilvihin
50%
visertää
50%
ylös
50%
hartaan
0%
Ehtoja vastaavia visoja ei löytynyt
Tulosjakauma
Jokaisen tuloksen saaneiden osuus
Persentiili vastausten määrän mukaan
Tuloshistoriasi
Et ole pelannut tätä visaa